Principles of Machanical Engineering / (Record no. 189462)
[ view plain ]
| 000 -LEADER | |
|---|---|
| fixed length control field | 01113 a2200181 4500 |
| 003 - CONTROL NUMBER IDENTIFIER | |
| control field | Nust |
| 005 - DATE AND TIME OF LATEST TRANSACTION | |
| control field | 20221122124213.0 |
| 020 ## - INTERNATIONAL STANDARD BOOK NUMBER | |
| International Standard Book Number | 8121935261 |
| 040 ## - CATALOGING SOURCE | |
| Transcribing agency | Nust |
| 082 ## - DEWEY DECIMAL CLASSIFICATION NUMBER | |
| Classification number | 621.381,SIN |
| 100 ## - MAIN ENTRY--PERSONAL NAME | |
| Personal name | Dr. Sadhu Singh |
| 9 (RLIN) | 103336 |
| 245 ## - TITLE STATEMENT | |
| Title | Principles of Machanical Engineering / |
| Statement of responsibility, etc. | Dr. Sadhu Singh |
| 260 ## - PUBLICATION, DISTRIBUTION, ETC. | |
| Place of publication, distribution, etc. | New Delhi |
| Name of publisher, distributor, etc. | S. Chand & Company |
| Date of publication, distribution, etc. | 2000 |
| 300 ## - PHYSICAL DESCRIPTION | |
| Extent | xviii,652p. |
| 505 ## - FORMATTED CONTENTS NOTE | |
| Formatted contents note | Introduction to Machine Tools (Page-1), Basic Concepts of Thermodynamics (Page-56), Properties of Steam (Page-134), Steam Boilers (Page-184), Refrigeration and Air-Conditioning (Page-238), Hydraulic Turbines’, Pumps and Device (Page-254), Internal Combustion Engines (Page-278), System Turbines (Page-234), Condensers (Page-355), GAS Turbines (Page 383-400), Simple Lifting Machine (Page-401), Power Transmission Methods and Device (Page-428), Stresses and Strains (Page-459), Principal Stresses and Strains(Page-507), Shear Force and Bending Moment (Page-547), Flexural and tensional Loading (Page-587), Introduction to Manufacturing System (Page-614), |
| 650 ## - SUBJECT ADDED ENTRY--TOPICAL TERM | |
| Topical term or geographic name entry element | Telecommunication Engineering |
| 942 ## - ADDED ENTRY ELEMENTS (KOHA) | |
| Source of classification or shelving scheme | |
| Koha item type | Book |
| Withdrawn status | Lost status | Source of classification or shelving scheme | Damaged status | Not for loan | Permanent Location | Current Location | Shelving location | Date acquired | Full call number | Barcode | Date last seen | Price effective from | Koha item type | Public note |
|---|---|---|---|---|---|---|---|---|---|---|---|---|---|---|
| Military College of Signals (MCS) | Military College of Signals (MCS) | General Stacks | 12/12/2016 | 621.381,SIN | MCS35124 | 12/08/2016 | 12/12/2016 | Book | Almirah No.31, Shelf No.6 |
